Countries by Historical Figures #5 - Statistics

General Stats
  • This quiz has been taken 89 times
  • The average score is 11 of 20
Answer Stats
Hint Answer % Correct
Marco Polo, Benito Mussolini Italy
100%
Nefertiti, Tutankhamun Egypt
95%
Cnut, Hans Christian Andersen Denmark
85%
Buddha, Chandragupta Maurya India
81%
Emperor Meiji, Sakamoto Ryōma Japan
79%
Joseph Stalin, King David the Builder Georgia
76%
Nicolae Ceaușescu, Mihai the Brave Romania
76%
Daniel O'Connell, Michael Collins Ireland
73%
Toussaint Louverture, Alexandre Pétion Haiti
50%
Temür Khan, Tolui Mongolia
48%
Tommy Douglas, Sir Frederick Banting Canada
43%
Rama I, King Ramkhamhaeng the Great Thailand
40%
Boris III, Hristo Botev Bulgaria
39%
Mario Vargas Llosa, Ramón Castilla Peru
33%
Nkosi Johnson, Hendrik Verwoerd South Africa
31%
Gediminas, Jonas Basanavičius Lithuania
29%
Queen Salote Tupou III, King Taufa'ahau Tupou IV Tonga
28%
Ablai Khan, Shoqan Walikhanov Kazakhstan
26%
John Curtin, Albert Jacka Australia
25%
Julius Nyerere, Tippu Tip Tanzania
20%
No matching quizzes found
Score Distribution
Percent of People with Each Score
Percentile by Number Answered
Your Score History
You have not taken this quiz